Words in Countries Quiz Stats

 Plays Quiz not verified by Sporcle

Score 0/20 Timer 10:00
0 Plays Today
Word Country % Correct
ShallMarshall Islands
77.8%
NameSuriname
73.8%
SwanBotswana
67.6%
DiveMaldives
66%
WitSwitzerland
64.2%
KeyTurkey
61.1%
LoveSlovenia
47.8%
HutBhutan
45.4%
LawMalawi
45.4%
GasMadagascar
44.8%
Word Country % Correct
SofaUnited States Of America
41.4%
ByLibya
37.3%
GladBangladesh
37.3%
RugUruguay
34.9%
AilThailand
31.5%
BadBarbados
29.9%
GapSingapore
23.1%
HamBahamas
22.8%
StarCosta Rica
21.3%
RibKiribati
18.5%

You're not logged in!

Compare scores with friends on all Sporcle quizzes.
OR
Log In

Show Comments

Extras

Top Quizzes Today


Score Distribution

Your Account Isn't Verified!

In order to create a playlist on Sporcle, you need to verify the email address you used during registration. Go to your Sporcle Settings to finish the process.

Report this User

Report this user for behavior that violates our Community Guidelines.

Details: